[Event "Evry Grand Roque II-Cergy Pontoise"]
[Site "Evry"]
[Date "2008.01.20"]
[Round "6.5"]
[White "Guyard, Rodolphe"]
[Black "Cathelineau, Didier"]
[Result "0-1"]
[WhiteElo "2115"]
[BlackElo "2183"]
[PlyCount "90"]
[EventDate "2008.01.20"]
[SourceDate "2007.10.25"]

1. b3 e5 2. Bb2 Nc6 3. e4 Nf6 4. Nc3 Bc5 5. h3 a6 6. Nf3 d6 7. d3 h6 8. Qd2 Be6
9. g3 Qe7 10. Bg2 O-O-O 11. O-O-O d5 12. Qe2 d4 13. Nb1 Nd7 14. Nbd2 Ba3 15.
Nb1 Bxb2+ 16. Kxb2 Qb4 17. Qd2 Qb6 18. Ka1 Nc5 19. Qc1 a5 20. Nfd2 a4 21. Nc4
Bxc4 22. bxc4 Qa5 23. Qb2 Rd6 24. Na3 Na7 25. Rb1 Rb6 26. Nb5 Nxb5 27. cxb5 a3
28. Qb4 Rxb5 29. Qxb5 Qc3+ 30. Rb2 axb2+ 31. Qxb2 Na4 32. Qxc3 Nxc3 33. Kb2 Kd7
34. f4 Ra8 35. Ra1 Ra6 36. Bf3 Rb6+ 37. Ka3 c5 38. fxe5 Ke6 39. Bg4+ Kxe5 40.
Rf1 Nb1+ 41. Ka4 Nc3+ 42. Ka3 f6 43. Rf5+ Kd6 44. e5+ fxe5 45. Rf7 Rb4 0-1

[Event "Evry Grand Roque II-Cergy Pontoise"]
[Site "Evry"]
[Date "2008.01.20"]
[Round "6.6"]
[White "Hameau, Cyril"]
[Black "Roumegous, Etienne"]
[Result "0-1"]
[WhiteElo "2082"]
[BlackElo "2097"]
[PlyCount "70"]
[EventDate "2008.01.20"]
[SourceDate "2007.10.25"]

1. d4 d5 2. Bg5 Bf5 3. Nd2 Nd7 4. c4 c6 5. Qb3 Qb6 6. e3 e6 7. c5 Qxb3 8. Nxb3
e5 9. Nf3 f6 10. Bh4 O-O-O 11. Rc1 Re8 12. Bg3 Bg4 13. Be2 Nh6 14. h3 Bxf3 15.
gxf3 exd4 16. exd4 Nf5 17. Kd2 g6 18. Rce1 Bh6+ 19. Kd1 Nxg3 20. fxg3 Re3 21.
Rhg1 Kc7 22. h4 b6 23. f4 Bf8 24. Kd2 Rxb3 25. axb3 bxc5 26. Bf3 cxd4 27. Re6
Bb4+ 28. Kd1 d3 29. g4 Rb8 30. Kc1 Nc5 31. Rxf6 Nxb3+ 32. Kd1 Rb5 33. Bxd5 Rxd5
34. Rg3 Nd2 35. Re3 Nc4 0-1

[Event "Evry Grand Roque II-Cergy Pontoise"]
[Site "Evry"]
[Date "2008.01.20"]
[Round "6.7"]
[White "Neuhauser, Salome"]
[Black "Ricroque, Jean Pierre"]
[Result "0-1"]
[WhiteElo "1954"]
[BlackElo "1987"]
[PlyCount "52"]
[EventDate "2008.01.20"]
[SourceDate "2007.10.25"]

1. e4 c5 2. Nf3 d6 3. d4 cxd4 4. Qxd4 a6 5. c4 Nf6 6. Nc3 Nc6 7. Qd2 g6 8. b3
Bg7 9. Bb2 O-O 10. Be2 Qa5 11. Rb1 b5 12. cxb5 axb5 13. Bxb5 Nxe4 14. Nxe4 Qxb5
15. Bxg7 Kxg7 16. Nc3 Qa6 17. h3 Bf5 18. Rc1 Bd3 19. Nd5 Rac8 20. Rc3 Be4 21.
Nf4 Bxf3 22. Rxf3 Ne5 23. Re3 Rc5 24. Ne2 Rfc8 25. Nc3 Qc6 26. Ne2 Qxg2 0-1

[Event "Evry Grand Roque II-Cergy Pontoise"]
[Site "Evry"]
[Date "2008.01.20"]
[Round "6.8"]
[White "Oberlin, Cecile"]
[Black "Jean, Robert"]
[Result "0-1"]
[WhiteElo "1640"]
[BlackElo "1855"]
[PlyCount "114"]
[EventDate "2008.01.20"]
[SourceDate "2007.10.25"]

1. e4 c5 2. Nf3 d6 3. Bc4 e6 4. c3 Nf6 5. d3 a6 6. O-O b5 7. Bb3 Nc6 8. Re1 Be7
9. d4 cxd4 10. cxd4 O-O 11. e5 dxe5 12. dxe5 Nd7 13. Bf4 Bb7 14. Nbd2 Na5 15.
Bc2 Nb6 16. Be4 Nd5 17. Bg3 Qb6 18. Qc2 h6 19. Rac1 Rac8 20. Qb1 Bb4 21. Kf1
Rfd8 22. a3 Be7 23. Rxc8 Rxc8 24. Bh7+ Kh8 25. Bc2 b4 26. Ne4 bxa3 27. bxa3
Qxb1 28. Bxb1 Bxa3 29. Nd6 Rc7 30. Bd3 Nb4 31. Ra1 Rc1+ 32. Rxc1 Bxc1 33. Nxf7+
Kg8 34. Bg6 Bd5 35. Nd4 Bb2 36. Ne2 Nc4 37. f4 a5 38. Be1 Nc6 39. Nc3 Bxc3 40.
Bxc3 Ne3+ 41. Kg1 Nxg2 42. Nd6 Nxf4 43. Bf7+ Kf8 44. Ba1 Nd3 45. Bh5 Ndxe5 46.
Kf2 Nd3+ 47. Ke3 Ndb4 48. Kd2 a4 49. Ne8 e5 50. Nd6 a3 51. Nb5 a2 52. Nc3 Be6
53. Na4 Nd4 54. Bg6 Nb3+ 55. Kc3 Nxa1 56. Kxb4 Nc2+ 57. Bxc2 a1=Q 0-1

[Event "Evry Grand Roque II-Bagneux"]
[Site "Bagneux"]
[Date "2008.02.09"]
[Round "10.1"]
[White "Justo, Damian"]
[Black "Sinkovics, Peter"]
[Result "1-0"]
[WhiteElo "2329"]
[BlackElo "2355"]
[PlyCount "43"]
[EventDate "2008.02.09"]
[SourceDate "2007.10.25"]

1. d4 Nf6 2. Nf3 e6 3. e3 b6 4. Bd3 Bb7 5. O-O c5 6. c4 Be7 7. Nc3 cxd4 8. exd4
O-O 9. d5 Na6 10. Re1 Re8 11. Bf4 Nh5 12. Be3 g6 13. Rc1 d6 14. dxe6 fxe6 15.
Be4 Bxe4 16. Nxe4 Ng7 17. Bf4 d5 18. cxd5 Bb4 19. Bg5 Be7 20. Bxe7 Qxe7 21. d6
Qf7 22. Qa4 1-0

[Event "Evry Grand Roque II-Bagneux"]
[Site "Bagneux"]
[Date "2008.02.09"]
[Round "10.2"]
[White "Mokcsay, Robert"]
[Black "Brochet, Philippe"]
[Result "1-0"]
[WhiteElo "2297"]
[BlackElo "2389"]
[PlyCount "143"]
[EventDate "2008.02.09"]
[SourceDate "2007.10.25"]

1. c4 e5 2. Nc3 Bb4 3. e4 Bxc3 4. dxc3 d6 5. Be3 f5 6. exf5 Bxf5 7. Qf3 Qc8 8.
c5 Nf6 9. Qg3 O-O 10. O-O-O Ne4 11. Qh4 Nxc5 12. Bxc5 dxc5 13. Nf3 Nc6 14. Bc4+
Kh8 15. Rhe1 Qe8 16. Bd5 Rd8 17. Bxc6 Rxd1+ 18. Rxd1 bxc6 19. Qg3 Qe6 20. b3
Bg4 21. Rd3 c4 22. Re3 cxb3 23. axb3 Bxf3 24. Rxf3 Rd8 25. Kc2 h6 26. Re3 Qf5+
27. Kc1 Qd7 28. Rxe5 Qd2+ 29. Kb1 a5 30. Qf3 Rb8 31. Qf7 Qd8 32. Re7 Qd1+ 33.
Kb2 Qd2+ 34. Kb1 Qxc3 35. Re8+ Rxe8 36. Qxe8+ Kh7 37. Qe4+ g6 38. Qe7+ Qg7 39.
Qc5 Qf7 40. Kb2 h5 41. g3 Qf6+ 42. Ka2 h4 43. f4 Qd6 44. Qe3 hxg3 45. hxg3 c5
46. g4 Kg8 47. f5 Kf7 48. fxg6+ Kxg6 49. Qe4+ Kg7 50. Qf5 c6 51. Qg5+ Kf7 52.
Qf5+ Kg7 53. Qg5+ Kf7 54. Qf5+ Ke7 55. Qh7+ Kd8 56. Qg8+ Kc7 57. g5 Qd2+ 58.
Kb1 Qd1+ 59. Kb2 Qd4+ 60. Kb1 a4 61. bxa4 c4 62. g6 Qd3+ 63. Kc1 Qa3+ 64. Kd2
Qb2+ 65. Ke3 c3 66. Qg7+ Kb6 67. Qd4+ c5 68. Qd6+ Kb7 69. Qd7+ Ka8 70. g7 Qc1+
71. Ke2 Qg5 72. Qe8+ 1-0

[Event "Evry Grand Roque II-Bagneux"]
[Site "Bagneux"]
[Date "2008.02.09"]
[Round "10.3"]
[White "Moussard, Jules"]
[Black "Dussart, Frederic"]
[Result "1-0"]
[WhiteElo "2241"]
[BlackElo "2260"]
[PlyCount "75"]
[EventDate "2008.02.09"]
[SourceDate "2007.10.25"]

1. e4 c5 2. Nf3 Nc6 3. d4 cxd4 4. Nxd4 Nf6 5. Nc3 e5 6. Ndb5 d6 7. Bg5 a6 8.
Na3 b5 9. Nd5 Be7 10. Bxf6 Bxf6 11. c3 Bg5 12. Nc2 O-O 13. a4 bxa4 14. Rxa4 a5
15. Bc4 Rb8 16. b3 Kh8 17. h4 Bh6 18. g4 Bf4 19. g5 Bb7 20. Qd3 f5 21. gxf6
gxf6 22. Rg1 f5 23. exf5 Qxh4 24. Nce3 Qh2 25. Qf1 Bxe3 26. Nxe3 Ne7 27. Be6
Bf3 28. Rg3 e4 29. Qc4 Qh6 30. Qd4+ Qf6 31. Qxf6+ Rxf6 32. Rxa5 h5 33. Ra7 Nc6
34. Re7 Na5 35. Nd5 Rh6 36. Nf4 Bg4 37. b4 h4 38. Rxg4 1-0

[Event "Evry Grand Roque II-Bagneux"]
[Site "Bagneux"]
[Date "2008.02.09"]
[Round "10.4"]
[White "Goerlinger, Stephane"]
[Black "Betton, Olivier"]
[Result "1-0"]
[WhiteElo "2210"]
[BlackElo "2197"]
[PlyCount "71"]
[EventDate "2008.02.09"]
[SourceDate "2007.10.25"]

1. e4 c6 2. d4 d5 3. Nc3 dxe4 4. Nxe4 Bf5 5. Ng3 Bg6 6. Nf3 Nd7 7. h4 h6 8. h5
Bh7 9. Bd3 Bxd3 10. Qxd3 e6 11. Bd2 Ngf6 12. O-O-O Qc7 13. Ne4 O-O-O 14. g3 Nc5
15. Nxc5 Bxc5 16. Qe2 Bxd4 17. Bf4 e5 18. Bxe5 Bxe5 19. Qxe5 Rhe8 20. Rxd8+
Qxd8 21. Qc5 Kb8 22. Rd1 Qe7 23. Qa5 Qc7 24. Qf5 Re2 25. Rd2 Rxd2 26. Nxd2 Qe7
27. c3 Qe6 28. Qxe6 fxe6 29. Nb3 e5 30. Nc5 e4 31. Kd2 b6 32. Ne6 Nxh5 33. Ke3
Kc8 34. Kxe4 g6 35. Ke5 a5 36. g4 1-0

[Event "Evry Grand Roque II-Bagneux"]
[Site "Bagneux"]
[Date "2008.02.09"]
[Round "10.5"]
[White "Guillon, Cyril"]
[Black "Gollain, Marc"]
[Result "0-1"]
[WhiteElo "2212"]
[BlackElo "2193"]
[PlyCount "26"]
[EventDate "2008.02.09"]
[SourceDate "2007.10.25"]

1. e4 e5 2. Nf3 Nc6 3. Nc3 Nf6 4. d4 exd4 5. Nd5 Be7 6. Bf4 d6 7. Nxd4 O-O 8.
Nb5 Nxd5 9. exd5 Ne5 10. Be2 Bf5 11. O-O Bf6 12. Nd4 Bd7 13. Bg3 Re8 0-1

[Event "Evry Grand Roque II-Bagneux"]
[Site "Bagneux"]
[Date "2008.02.09"]
[Round "10.6"]
[White "Bartha, Sandor"]
[Black "Roumegous, Etienne"]
[Result "0-1"]
[WhiteElo "2139"]
[BlackElo "2097"]
[PlyCount "72"]
[EventDate "2008.02.09"]
[SourceDate "2007.10.25"]

1. d4 d5 2. Nf3 Nf6 3. g3 Bf5 4. Bg2 e6 5. O-O Be7 6. c4 c6 7. cxd5 exd5 8. Nc3
O-O 9. Bg5 Nbd7 10. e3 h6 11. Bxf6 Bxf6 12. Qd2 Re8 13. Rac1 Qe7 14. Ne1 Nb6
15. b3 Nc8 16. Nd3 Nd6 17. Nc5 h5 18. a4 h4 19. a5 a6 20. N3a4 Bg5 21. Nb2 Qf6
22. Rfe1 Re7 23. f4 Bh6 24. Nbd3 hxg3 25. hxg3 Qg6 26. Kf2 f6 27. Rg1 Rae8 28.
Ne5 fxe5 29. dxe5 Ne4+ 30. Bxe4 dxe4 31. Qe2 Bg4 32. Qc4+ Rf7 33. Ke1 Qh5 34.
Qxe4 Bh3 35. Qc2 Rxe5 36. fxe5 Qxe5 0-1

[Event "Evry Grand Roque II-Bagneux"]
[Site "Bagneux"]
[Date "2008.02.09"]
[Round "10.7"]
[White "Guyard, Rodolphe"]
[Black "Vinzani, Hubert"]
[Result "1-0"]
[WhiteElo "2115"]
[BlackElo "2016"]
[PlyCount "69"]
[EventDate "2008.02.09"]
[SourceDate "2007.10.25"]

1. e4 c5 2. Nc3 Nc6 3. Bb5 e6 4. f4 Nge7 5. Nf3 Qc7 6. O-O Nd4 7. e5 a6 8. Nxd4
cxd4 9. Ne4 Nc6 10. Bxc6 dxc6 11. c3 Be7 12. d3 dxc3 13. bxc3 O-O 14. Qb3 Rd8
15. Rf3 c5 16. Ba3 Rxd3 17. Rxd3 c4 18. Bxe7 cxd3 19. Qb4 h6 20. Rd1 Bd7 21.
Rxd3 Bc6 22. Bd6 Qd8 23. Rg3 Rc8 24. a3 Bb5 25. Qb1 g6 26. Qe1 Qb6+ 27. Qe3 Qc6
28. h4 Qc4 29. h5 Qf1+ 30. Kh2 Kg7 31. hxg6 fxg6 32. Nc5 Bc4 33. Qe4 g5 34.
fxg5 h5 35. Qxb7+ 1-0

[Event "Evry Grand Roque II-Bagneux"]
[Site "Bagneux"]
[Date "2008.02.09"]
[Round "10.8"]
[White "Barraud, Anne"]
[Black "Neuhauser, Salome"]
[Result "0-1"]
[WhiteElo "1499"]
[BlackElo "1954"]
[PlyCount "66"]
[EventDate "2008.02.09"]
[SourceDate "2007.10.25"]

1. e4 d5 2. Nc3 d4 3. Bb5+ c6 4. Ba4 dxc3 5. bxc3 e5 6. Nf3 Bg4 7. O-O Nd7 8.
d3 Ngf6 9. Qd2 Bxf3 10. Qe3 Bg4 11. d4 Be7 12. Rb1 Qc7 13. Qg3 h5 14. dxe5 Nxe4
15. Qe3 Nec5 16. Bb3 Qxe5 17. Qd2 Nxb3 18. cxb3 O-O-O 19. a4 Bf6 20. b4 Qf5 21.
a5 Qxb1 22. Ba3 Qxf1+ 23. Kxf1 Ne5 24. Qe1 Rd1 25. Qxd1 Bxd1 26. c4 Nxc4 27.
Bc1 Re8 28. f4 Bc3 29. f5 Nd2+ 30. Kf2 h4 31. g3 Re2+ 32. Kg1 Bd4+ 33. Kh1 Nf1
0-1

[Event "Sautron-Bagneux"]
[Site "Bagneux"]
[Date "2008.02.10"]
[Round "7.1"]
[White "Pham Minh, Hoang"]
[Black "Mokcsay, Robert"]
[Result "1-0"]
[WhiteElo "2473"]
[BlackElo "2297"]
[PlyCount "79"]
[EventDate "2008.10.02"]
[SourceDate "2007.10.25"]

1. d4 d5 2. c4 c6 3. Nf3 Nf6 4. Nc3 dxc4 5. a4 Bf5 6. e3 e6 7. Bxc4 Bb4 8. O-O
O-O 9. Qe2 Ne4 10. Bd3 Bxc3 11. Bxe4 Bxe4 12. bxc3 Nd7 13. Nd2 Bg6 14. Ba3 Re8
15. Nc4 Nb6 16. Nd6 Nxa4 17. Nxe8 Qxe8 18. Bb4 b5 19. Ba5 e5 20. Rfd1 exd4 21.
cxd4 Be4 22. f3 Bd5 23. e4 f5 24. Re1 fxe4 25. fxe4 Bc4 26. Qd2 Qe6 27. Rad1
Bb3 28. Rb1 Bc4 29. Rbd1 Bb3 30. Rb1 Bc4 31. d5 cxd5 32. exd5 Qd6 33. Qd4 a6
34. Re5 Rf8 35. h3 Qc5 36. Qxc5 Nxc5 37. d6 Nd7 38. Re7 Rf7 39. Rbe1 Nf6 40.
Bc3 1-0

[Event "Sautron-Bagneux"]
[Site "Bagneux"]
[Date "2008.02.10"]
[Round "7.2"]
[White "Sinkovics, Peter"]
[Black "Tripoteau, Nicolas"]
[Result "0-1"]
[WhiteElo "2355"]
[BlackElo "2309"]
[PlyCount "98"]
[EventDate "2008.10.02"]
[SourceDate "2007.10.25"]

1. d4 Nf6 2. Nf3 c5 3. d5 b5 4. Bg5 Ne4 5. Bh4 Bb7 6. Qd3 f5 7. Nbd2 c4 8. Qd4
Na6 9. Nxe4 fxe4 10. Qxe4 Nb4 11. c3 Nxd5 12. Qd4 Qb6 13. e4 Nc7 14. Bg3 Ne6
15. Qxb6 axb6 16. Nd2 g6 17. a3 Bh6 18. f3 Nc5 19. Rd1 O-O 20. Be2 Na4 21. Rb1
Be3 22. Nf1 Bc5 23. Bd1 d6 24. Ke2 e6 25. Bxa4 bxa4 26. Ne3 d5 27. exd5 exd5
28. Nc2 Bc8 29. Nd4 Bf5 30. Nxf5 Rxf5 31. Rhd1 Re8+ 32. Kf1 g5 33. Re1 Rxe1+
34. Kxe1 d4 35. cxd4 Bxd4 36. Kd2 Rb5 37. Kc2 Rb3 38. Be1 Be5 39. Bg3 Bd4 40.
Be1 Kf7 41. h4 gxh4 42. Bxh4 c3 43. Be1 cxb2 44. Bb4 Ke6 45. Rh1 Kd5 46. Kb1
Kc4 47. Rxh7 Rd3 48. Rh1 Kb3 49. f4 Bc5 0-1

[Event "Sautron-Bagneux"]
[Site "Bagneux"]
[Date "2008.02.10"]
[Round "7.3"]
[White "Stephan, Jean Marie"]
[Black "Dussart, Frederic"]
[Result "1/2-1/2"]
[WhiteElo "2222"]
[BlackElo "2260"]
[PlyCount "112"]
[EventDate "2008.10.02"]
[SourceDate "2007.10.25"]

1. e4 c5 2. Nf3 Nc6 3. Nc3 e6 4. d4 cxd4 5. Nxd4 Nf6 6. Nxc6 bxc6 7. e5 Nd5 8.
Ne4 f5 9. exf6 Nxf6 10. Nd6+ Bxd6 11. Qxd6 Ba6 12. c4 Qe7 13. Bf4 Qxd6 14. Bxd6
Rc8 15. b4 Kf7 16. f3 Rhd8 17. O-O-O Ne8 18. Be2 Nxd6 19. Rxd6 Bb7 20. Kc2 Ke7
21. Rhd1 a5 22. a3 axb4 23. axb4 Ra8 24. Kb3 Ra7 25. c5 Bc8 26. Bd3 Rf8 27. Rd4
h6 28. f4 Rf6 29. g4 Kd8 30. h4 Rf7 31. g5 hxg5 32. hxg5 Ba6 33. Bg6 Re7 34.
R4d2 Bb5 35. Rh1 Kc7 36. Rdh2 d5 37. cxd6+ Kxd6 38. Rd2+ Kc7 39. Re1 c5 40.
bxc5 Bc6 41. f5 e5 42. f6 gxf6 43. gxf6 Re6 44. f7 Ra8 45. Bh5 e4 46. Rg1 Rh6
47. Rg8 Rh8 48. Rxa8 Rxa8 49. Kc4 Rf8 50. Rd6 Bd7 51. Kd4 Be6 52. Ke3 Rh8 53.
Kf4 Ra8 54. Kg5 Bc4 55. Rg6 Bb3 56. Rg8 Rxg8+ 1/2-1/2

[Event "Sautron-Bagneux"]
[Site "Bagneux"]
[Date "2008.02.10"]
[Round "7.4"]
[White "Gollain, Marc"]
[Black "Rate, Bruno"]
[Result "0-1"]
[WhiteElo "2193"]
[BlackElo "2105"]
[PlyCount "92"]
[EventDate "2008.10.02"]
[SourceDate "2007.10.25"]

1. Nf3 d5 2. d4 Nf6 3. c4 e6 4. Nc3 Be7 5. Bg5 h6 6. Bh4 Nbd7 7. e3 O-O 8. Rc1
b6 9. cxd5 exd5 10. Bd3 Bb7 11. O-O c5 12. Bb1 Ne4 13. Bxe7 Qxe7 14. Qd3 c4 15.
Qc2 Rac8 16. Rce1 Rfe8 17. Nd2 Ndf6 18. f3 Nxd2 19. Qxd2 Qd7 20. e4 dxe4 21.
fxe4 Rcd8 22. d5 Ng4 23. h3 Ne5 24. Bc2 b5 25. Qd4 a6 26. a3 Qd6 27. Kh1 Bc8
28. Nd1 Bd7 29. Ne3 Rc8 30. Rd1 a5 31. Rc1 Rc7 32. Bb1 Rec8 33. Rfd1 b4 34.
axb4 axb4 35. Rf1 c3 36. bxc3 Rxc3 37. Rxc3 Rxc3 38. Rd1 f6 39. Kg1 Bxh3 40.
Rf1 Bd7 41. Kh1 h5 42. Kg1 h4 43. Nf5 Bxf5 44. exf5 h3 45. Qe4 Rg3 46. Rf2 Qc5
0-1

[Event "Sautron-Bagneux"]
[Site "Bagneux"]
[Date "2008.02.10"]
[Round "7.5"]
[White "Sorin, Baptiste"]
[Black "Goerlinger, Stephane"]
[Result "1-0"]
[WhiteElo "2145"]
[BlackElo "2210"]
[PlyCount "83"]
[EventDate "2008.10.02"]
[SourceDate "2007.10.25"]

1. e4 c5 2. Nf3 Nc6 3. d4 cxd4 4. Nxd4 Nf6 5. Nc3 e5 6. Ndb5 d6 7. Bg5 a6 8.
Na3 b5 9. Bxf6 gxf6 10. Nd5 f5 11. c3 Bg7 12. Bd3 Be6 13. Nxb5 Bxd5 14. exd5
Ne7 15. Na3 e4 16. Qa4+ Kf8 17. Bc4 Be5 18. O-O-O Qb6 19. Qc2 Kg7 20. Bb3 Rhc8
21. Nc4 Bf4+ 22. Kb1 Qb5 23. g3 Be5 24. Nxe5 dxe5 25. g4 a5 26. gxf5 a4 27.
Qxe4 axb3 28. Qxe5+ Kf8 29. a3 Qd7 30. Qh8+ Ng8 31. Qxh7 Ra6 32. Rhg1 Ke7 33.
d6+ Rxd6 34. Rde1+ Kd8 35. Qxg8+ Kc7 36. Qg4 Rb8 37. Rd1 Rbb6 38. Qc4+ Kb8 39.
Rg8+ Ka7 40. Rxd6 Qxd6 41. Qa4+ Ra6 42. Qd4+ 1-0

[Event "Sautron-Bagneux"]
[Site "Bagneux"]
[Date "2008.02.10"]
[Round "7.6"]
[White "Vinzani, Hubert"]
[Black "Primel, Dominique"]
[Result "1/2-1/2"]
[WhiteElo "2016"]
[BlackElo "1988"]
[PlyCount "54"]
[EventDate "2008.10.02"]
[SourceDate "2007.10.25"]

1. e4 c5 2. Nf3 e6 3. d4 cxd4 4. Nxd4 a6 5. Bd3 Nf6 6. O-O Qc7 7. Kh1 Bc5 8.
Nb3 Be7 9. f4 d6 10. Nc3 Nbd7 11. Bd2 b6 12. Qe2 Bb7 13. Rae1 O-O 14. e5 Nd5
15. exd6 Bxd6 16. f5 exf5 17. Bxf5 N5f6 18. Nd5 Bxd5 19. Bc3 Rae8 20. Qd1 Be5
21. Re3 Bxc3 22. Rxc3 Qb7 23. Rg3 Re5 24. Bd3 Rfe8 25. Nd2 Nh5 26. Rg4 Nhf6 27.
Rg3 Nh5 1/2-1/2

[Event "Sautron-Bagneux"]
[Site "Bagneux"]
[Date "2008.02.10"]
[Round "7.7"]
[White "Lebreton, Flavien"]
[Black "Massimi, Pierre"]
[Result "1-0"]
[WhiteElo "1889"]
[BlackElo "1918"]
[PlyCount "69"]
[EventDate "2008.10.02"]
[SourceDate "2007.10.25"]

1. d4 Nf6 2. Nf3 e6 3. c4 b6 4. Nc3 Bb7 5. Bg5 Be7 6. e3 O-O 7. Bd3 h6 8. Bh4
d6 9. O-O Nbd7 10. Nd2 c5 11. f4 d5 12. b3 Rc8 13. Qc2 Ng4 14. Bxe7 Qxe7 15.
Nd1 cxd4 16. exd4 dxc4 17. bxc4 Qf6 18. Qb2 Qh4 19. h3 Qg3 20. Nf3 Bxf3 21.
Rxf3 Qh2+ 22. Kf1 Qh1+ 23. Ke2 Qxg2+ 24. Nf2 Nxf2 25. Rxf2 Qxh3 26. Rg1 Qh5+
27. Ke1 Qh3 28. Qe2 Qh4 29. Rg4 Qe7 30. Rfg2 f5 31. Rxg7+ Qxg7 32. Qxe6+ Kh8
33. Rxg7 Rce8 34. Re7 Nf6 35. Qxf6+ 1-0

[Event "Cergy Pontoise-Bois Colombes II"]
[Site "Pontoise"]
[Date "2008.02.10"]
[Round "7.1"]
[White "Bernard, Christophe"]
[Black "Touboulic, Julien"]
[Result "1-0"]
[WhiteElo "2364"]
[BlackElo "2214"]
[PlyCount "55"]
[EventDate "2008.02.10"]
[SourceDate "2007.10.25"]

1. d4 Nf6 2. Nf3 g6 3. c4 Bg7 4. Nc3 d5 5. e3 O-O 6. Qb3 e6 7. Bd2 b6 8. Rc1
Bb7 9. cxd5 exd5 10. Be2 Nbd7 11. O-O c6 12. Qc2 Re8 13. b4 Ne4 14. Rfd1 Qe7
15. Be1 Nxc3 16. Bxc3 Nf6 17. b5 cxb5 18. Bxb5 Rec8 19. Qb3 Ne4 20. Bb4 Qf6 21.
Qa4 a6 22. Be2 a5 23. Be1 Nd6 24. Ne5 Qe6 25. Qb3 f6 26. Nd3 Nc4 27. Nf4 Qc6
28. Nxd5 1-0

[Event "Cergy Pontoise-Bois Colombes II"]
[Site "Pontoise"]
[Date "2008.02.10"]
[Round "7.2"]
[White "Toma, Michal"]
[Black "Yacob, Francois"]
[Result "0-1"]
[WhiteElo "2206"]
[BlackElo "2174"]
[PlyCount "118"]
[EventDate "2008.02.10"]
[SourceDate "2007.10.25"]

1. e4 c5 2. Nc3 e6 3. g3 Nc6 4. Bg2 Nf6 5. d3 Be7 6. Nge2 O-O 7. Nf4 a6 8. O-O
Rb8 9. Nh5 Nxh5 10. Qxh5 Nd4 11. Qd1 Qc7 12. e5 b5 13. Ne4 Bb7 14. Bf4 Bxe4 15.
Bxe4 d5 16. exd6 Bxd6 17. Be3 Rbd8 18. c3 Nc6 19. Qe2 Ne7 20. Rad1 Nd5 21. Bc1
Nf6 22. Bg2 b4 23. Rfe1 Qa5 24. cxb4 cxb4 25. b3 Bc5 26. Bf4 Bd4 27. Bd2 Rc8
28. Rc1 Qxa2 29. Bb7 Rxc1 30. Bxc1 Qxe2 31. Rxe2 a5 32. Rc2 h6 33. Rc4 Rd8 34.
Kg2 Ng4 35. Be3 Bxe3 36. Rxg4 Bd4 37. Bc6 f5 38. Rf4 g5 39. Rf3 Kg7 40. h3 Kf6
41. g4 Rc8 42. Ba4 f4 43. h4 Rc2 44. Bb5 Ra2 45. Bc6 Ke5 46. hxg5 hxg5 47. Bb5
Kd6 48. Be8 Ra3 49. Ba4 Rxa4 50. bxa4 b3 51. Rh3 b2 52. Rh1 Kc5 53. Kf3 Kb4 54.
Ke2 Kxa4 55. Kd2 Kb3 56. Rb1 a4 57. f3 a3 58. Ke2 a2 59. Rc1 bxc1=N+ 0-1

[Event "Cergy Pontoise-Bois Colombes II"]
[Site "Pontoise"]
[Date "2008.02.10"]
[Round "7.3"]
[White "Cathelineau, Didier"]
[Black "Debeaune, Robin"]
[Result "1-0"]
[WhiteElo "2183"]
[BlackElo "2228"]
[PlyCount "103"]
[EventDate "2008.02.10"]
[SourceDate "2007.10.25"]

1. d4 c5 2. d5 Nf6 3. Nc3 g6 4. e4 d6 5. Nf3 Bg7 6. h3 O-O 7. Bd3 e5 8. g4 a6
9. a4 b6 10. Be3 Ne8 11. Rg1 Ra7 12. Qe2 Nc7 13. h4 Rb7 14. h5 Bd7 15. b3 b5
16. axb5 axb5 17. hxg6 fxg6 18. Ng5 Rf4 19. Ne6 Nxe6 20. dxe6 Bxe6 21. Bxb5 Rf8
22. Ra8 Qh4 23. Bc4 Bxc4 24. Qxc4+ Kh8 25. Qd5 Rd7 26. Qe6 Qe7 27. Qxe7 Rxe7
28. Nd5 Rb7 29. Ke2 Nc6 30. Ra6 Rc8 31. Rga1 Kg8 32. Ra8 Rxa8 33. Rxa8+ Nb8 34.
b4 Bf8 35. c3 Kf7 36. Kd3 h5 37. gxh5 gxh5 38. Kc4 cxb4 39. cxb4 Nc6 40. b5 Ne7
41. b6 h4 42. Nxe7 Bxe7 43. Kd5 h3 44. Kc6 h2 45. Ra1 Rb8 46. b7 Rg8 47. Rh1 d5
48. exd5 Rg6+ 49. Kb5 Rg1 50. Rxh2 Rb1+ 51. Kc6 Rb2 52. Ba7 1-0

[Event "Cergy Pontoise-Bois Colombes II"]
[Site "Pontoise"]
[Date "2008.02.10"]
[Round "7.4"]
[White "L'Henoret, Thierry"]
[Black "Marcantoni, Herve"]
[Result "1/2-1/2"]
[WhiteElo "2112"]
[BlackElo "2211"]
[PlyCount "52"]
[EventDate "2008.02.10"]
[SourceDate "2007.10.25"]

1. d4 Nf6 2. Nf3 g6 3. Nc3 Bg7 4. e4 d6 5. Be3 c6 6. Qd2 Qa5 7. Bd3 Nbd7 8. Bh6
Bxh6 9. Qxh6 c5 10. O-O cxd4 11. Nxd4 Qc5 12. Nb3 Qh5 13. Qxh5 Nxh5 14. Nd5 Kd8
15. Be2 Nhf6 16. Nxf6 Nxf6 17. f3 Bd7 18. Rfd1 Rc8 19. c3 Kc7 20. Nd4 Kb8 21.
Bb5 Bxb5 22. Nxb5 Rhd8 23. Rd2 a6 24. Na3 Rc5 25. Nc2 Rg8 26. Ne3 Re8 1/2-1/2

[Event "Cergy Pontoise-Bois Colombes II"]
[Site "Pontoise"]
[Date "2008.02.10"]
[Round "7.5"]
[White "Hameau, Cyril"]
[Black "Bernard, Vincent"]
[Result "0-1"]
[WhiteElo "2082"]
[BlackElo "2189"]
[PlyCount "58"]
[EventDate "2008.02.10"]
[SourceDate "2007.10.25"]

1. d4 g6 2. Nf3 Bg7 3. e4 c5 4. c3 d5 5. dxc5 Nd7 6. exd5 Nxc5 7. Be3 Nd7 8.
Bc4 Ngf6 9. Na3 O-O 10. Qb3 a6 11. Rd1 b5 12. Be2 Qc7 13. O-O Bb7 14. c4 bxc4
15. Bxc4 Rab8 16. Qd3 Nb6 17. Bxb6 Qxb6 18. b3 Rbd8 19. Qe2 Rfe8 20. Rfe1 Nxd5
21. Nb1 e6 22. h4 Nf4 23. Qe3 Qxe3 24. fxe3 Nd5 25. Nd4 Nxe3 26. Rxe3 Bxd4 27.
Rxd4 Rxd4 28. Nc3 Red8 29. a4 Rxh4 0-1

[Event "Cergy Pontoise-Bois Colombes II"]
[Site "Pontoise"]
[Date "2008.02.10"]
[Round "7.6"]
[White "Choisy, Mathilde"]
[Black "Jaulin, Marc"]
[Result "0-1"]
[WhiteElo "2102"]
[BlackElo "2140"]
[PlyCount "50"]
[EventDate "2008.02.10"]
[SourceDate "2007.10.25"]

1. e4 c5 2. b3 Nc6 3. Bb2 e5 4. f4 d6 5. Nf3 exf4 6. Nc3 Nf6 7. Bc4 Be7 8. Qe2
O-O 9. O-O-O Bg4 10. Rdg1 Ne5 11. Qf2 Nxc4 12. bxc4 Be6 13. d3 Ng4 14. Qd2 Bf6
15. h3 Ne5 16. Qxf4 Qa5 17. Qd2 Nxf3 18. gxf3 b5 19. cxb5 a6 20. f4 Bd4 21. f5
Bxa2 22. Rxg7+ Kxg7 23. Qg5+ Kh8 24. Nxa2 f6 25. Qh6 Qxa2 0-1

[Event "Cergy Pontoise-Bois Colombes II"]
[Site "Pontoise"]
[Date "2008.02.10"]
[Round "7.7"]
[White "Ricroque, Jean Pierre"]
[Black "Stenel, Vincent"]
[Result "1/2-1/2"]
[WhiteElo "1987"]
[BlackElo "2121"]
[PlyCount "109"]
[EventDate "2008.02.10"]
[SourceDate "2007.10.25"]

1. d4 e6 2. c4 f5 3. g4 fxg4 4. e4 c5 5. h3 cxd4 6. hxg4 Nc6 7. Be2 Bc5 8. g5
Nge7 9. a3 a5 10. f4 d6 11. Qd3 g6 12. Nd2 Bd7 13. Bg4 Qc7 14. e5 dxe5 15. Ne4
exf4 16. Nxc5 Ne5 17. Qxd4 Qxc5 18. Qxc5 Nd3+ 19. Ke2 Nxc5 20. Bxf4 e5 21.
Bxd7+ Nxd7 22. Be3 Nf5 23. Rh3 Nxe3 24. Kxe3 Rc8 25. Rh4 O-O 26. Rd1 Nb6 27. b3
a4 28. Rd6 Rc6 29. Rxc6 bxc6 30. b4 Rf4 31. Rxf4 exf4+ 32. Kd4 Nd7 33. c5 Kf7
34. b5 Ke6 35. b6 Kf5 36. Nf3 Nb8 37. b7 Kg4 38. Kc4 Na6 39. Ne5+ Kxg5 40. Kd4
Nb8 41. Ke4 h5 42. Nxc6 Nxc6 43. Kd5 f3 44. Kxc6 f2 45. b8=Q f1=Q 46. Qe5+ Qf5
47. Kd6 Qxe5+ 48. Kxe5 h4 49. c6 h3 50. c7 h2 51. c8=Q h1=Q 52. Qd8+ Kg4 53.
Qd7+ Kg3 54. Qd3+ Kh2 55. Qc2+ 1/2-1/2